| 000 | 00850nam a22002537a 4500 | ||
|---|---|---|---|
| 003 | BPGM | ||
| 008 | 260627b mx dlk|g |||| 001 0 spa d | ||
| 020 | _a968-892-983-2 | ||
| 040 | _bspa | ||
| 041 |
_aspa _hspa |
||
| 082 | 0 | 4 |
_a630.97245 _bQ47 |
| 110 | _aINSTITUTO NACIONAL DE ESTADISTICA GEOGRAFIA E INFORMATICA | ||
| 245 |
_aQUERETARO _bRESULTADOS DEFINITIVOS VII CENSO EJIDAL |
||
| 250 |
_aPRIMERA EDICION _b1994 |
||
| 260 |
_aMEXICO _bINSTITUTO NACIONAL DE ESTADISTICA GEOGRAFIA E INFORMATICA _c1994 |
||
| 300 |
_a43 paginas _b27.5 cm x 21.5 cm |
||
| 336 |
_2rdacontent _atexto _btxt |
||
| 337 |
_2rdamedia _asin mediación _bn |
||
| 338 |
_2rdacarrier _avolumen _bnc |
||
| 505 | _aresulatdos del censo ejidal | ||
| 650 | _2TECNOLOGÍA (CIENCIAS APLICADAS) | ||
| 650 | _2AGRICULTURA Y TECNOLOGÍAS RELACIONADAS | ||
| 942 |
_2ddc _cCOLQ |
||
| 999 |
_c68688 _d68688 |
||